000 00484nam a2200157Ia 4500
008 230907s9999||||xx |||||||||||||| ||und||
082 _a621.31
_bUSM
100 _aUsman Ahmed (00000276384)
_9116707
245 0 _aFPGA Based Multi-Algorithm Relay for Islanding Detection in Smart-Grids /
260 _aUSPCAS-E, NUST,
_bIslamabad :
_c2022
300 _axvi, 59 p.
520 _aTH-376
650 _aMS-EEP Thesis MS Thesis
700 _aDr Kashif Imran
_9117108
942 _cTHE
_2ddc
999 _c602054
_d602054